[Event "Ordu op-A 3rd"]
[Site "Ordu"]
[Date "2017.04.05"]
[Round "3"]
[White "Aydin, Hakan"]
[Black "Shaikhani, Moujahed"]
[Result "0-1"]
[WhiteElo "1721"]
[BlackElo "1625"]
[PlyCount "66"]
[EventDate "2017.04.04"]
[EventType "swiss"]
[EventRounds "9"]
[EventCountry "TUR"]
[SourceTitle "CBM 177 Extra"]
[Source "ChessBase"]
[SourceDate "2017.04.27"]
[SourceVersion "1"]
[SourceVersionDate "2017.04.27"]
[SourceQuality "1"]

1. d4 Nf6 2. Bg5 d5 3. Bxf6 gxf6 4. e3 e5 5. Qh5 Nc6 6. Bb5 exd4 7. exd4 Qe7+ 8. Ne2 Be6 9. Nbc3 0-0-0 10. 0-0-0 Rg8 11. Qf3 Bg4 12. Qd3 Bh6+ 13. Kb1 Nb4 14. Qg3 Bf5 15. Nxd5 Nxd5 16. Qf3 Qe4 17. Qb3 Qe7 18. a3 c6 19. Bc4 Be6 20. Ng3 Nb6 21. Bxe6+ Qxe6 22. Qd3 Bf8 23. Qxh7 Rg5 24. Rhe1 Qc4 25. Ne4 Rb5 26. Nd2 Rxb2+ 27. Kxb2 Na4+ 28. Kb1 Nc3+ 29. Kb2 Bxa3+ 30. Kxa3 Qa2+ 31. Kb4 Nd5+ 32. Kc5 Qa3+ 33. Kc4 b5# 0-1